Normal view
MARC view
Entry Personal Name
001 - CONTROL NUMBER
- control field: 81610
003 - CONTROL NUMBER IDENTIFIER
- control field: dpl
005 - DATE AND TIME OF LATEST TRANSACTION
- control field: 20250603172256.0
008 - FIXED-LENGTH DATA ELEMENTS
- fixed length control field: 250603|| aca||aabn | a|a d
040 ## - CATALOGING SOURCE
- Original cataloging agency: dpl
- Transcribing agency: dpl
100 ## - HEADING--PERSONAL NAME
- Personal name: Gupta, Dipankar
670 ## - SOURCE DATA FOUND
- Source citation: Work cat.: (dpl)150906: Gupta, Dipankar, From 'People' to 'citizen' democracy's must take road /, 2017
